000 004290000a22001690004500
041 0 _aENG
082 0 4 _aG 289.92 M3791j
100 1 _aMartin, Walter R.
245 1 0 _aJehovah's witnesses / Walter R. Martin
260 _aGrand Rapids, MI., USA : Zondervan
300 _a64 Pag
001 8876
942 _cBK
999 _c38987
_d38987
336 _atexto
_btxt
_2rdacontent
337 _2rdamedia
_asin mediación
_bn
338 _2rdacarrier
_avolumen
_bnc